LIBRARY & INFORMATION CENTRE, KCAET, TAVANUR

ONLINE PUBLIC ACCESS CATALOGUE (OPAC)

Manual of rural water supply / (Record no. 5539)

MARC details
000 -LEADER
fixed length control field 00442cam a2200181ua 4500
041 ## - LANGUAGE CODE
Language code of text/sound track or separate title eng
082 ## - DEWEY DECIMAL CLASSIFICATION NUMBER
Classification number 028.72553
Item number HEL/MA
100 ## - MAIN ENTRY--AUTHOR NAME
Personal name Helvetas, .
245 00 - TITLE STATEMENT
Title Manual of rural water supply /
250 ## - EDITION STATEMENT
Edition statement 1 /
260 ## - PUBLICATION, DISTRIBUTION, ETC. (IMPRINT)
Place of publication Jodhpur :
Name of publisher Divyajyothi Prakashan ,
Year of publication 1989.
300 ## - PHYSICAL DESCRIPTION
Number of Pages 175 ; .
942 ## - ADDED ENTRY ELEMENTS (KOHA)
Koha item type Books
Holdings
Withdrawn status Lost status Damaged status Home library Current library Date acquired Full call number Accession Number Koha item type
      KAUAET KAUAET 07/04/2012 028.72553 16909 Reference
free website counter